[Event "31st WCh U20 Girls"]
[Site "Kocaeli TUR"]
[Date "2013.09.16"]
[Round "4.28"]
[White "Fronda, Jan Jodilyn"]
[Black "Assaubaeva, Bibisara"]
[Result "1-0"]
[WhiteElo "2038"]
[BlackElo "1761"]
[EventDate "2013.09.13"]
[PlyCount "79"]

1.e4 e5 2.Nf3 Nc6 3.Bc4 Bc5 4.c3 Nf6 5.d4 exd4 6.e5 d5 7.Bb5 Ne4 8.cxd4 
Bb6 9.O-O O-O 10.h3 Bd7 11.Bd3 Bf5 12.Be3 Qd7 13.Nc3 Nxc3 14.bxc3 Na5 15.
Nh4 Bxd3 16.Qxd3 f5 17.exf6 Rxf6 18.Nf3 Rxf3 19.gxf3 Qxh3 20.Bf4 Qd7 21.
Be3 Qh3 22.Bf4 Rf8 23.Bg3 Rf6 24.Qe3 Re6 25.Qg5 c6 26.Qg4 Qxg4 27.fxg4 Rg6
28.f3 Nc4 29.Rfe1 Kf7 30.Kg2 Ba5 31.Rac1 b5 32.Re2 b4 33.Rce1 bxc3 34.Re7+
Kf8 35.Re8+ Kf7 36.R1e7+ Kf6 37.Bh4+ Rg5 38.Re6+ Kf7 39.Bxg5 c2 40.R8e7+ 
1-0

[Event "31st WCh U20 Girls"]
[Site "Kocaeli TUR"]
[Date "2013.09.16"]
[Round "4.29"]
[White "Arig, Busra"]
[Black "Anu Bayar"]
[Result "0-1"]
[WhiteElo "1788"]
[BlackElo "2012"]
[EventDate "2013.09.13"]
[PlyCount "64"]

1.d4 Nf6 2.Nf3 g6 3.c4 Bg7 4.Nc3 O-O 5.Bg5 d6 6.e3 c5 7.Be2 h6 8.Bh4 g5 9.
Bg3 Nh5 10.Rc1 a6 11.dxc5 Nxg3 12.hxg3 dxc5 13.Qc2 f5 14.Rd1 Qa5 15.Kf1 
Nc6 16.a3 e5 17.Rd6 e4 18.Ne1 Qc7 19.Qd1 Rd8 20.Qd5+ Kh7 21.Rxd8 Nxd8 22.
g4 Be6 23.Qd1 Qe5 24.gxf5 Bxf5 25.Bg4 Nc6 26.Nd5 Rf8 27.Kg1 Qxb2 28.f4 
exf3 29.Bxf5+ Rxf5 30.Nxf3 Ne5 31.e4 Nxf3+ 32.gxf3 Bd4+ 0-1

[Event "31st WCh U20 Girls"]
[Site "Kocaeli TUR"]
[Date "2013.09.16"]
[Round "4.30"]
[White "Savant, Riya"]
[Black "Shyngys Kyzy, Aijarkyn"]
[Result "0-1"]
[WhiteElo "1960"]
[BlackElo "1780"]
[EventDate "2013.09.13"]
[PlyCount "58"]

1.d4 Nf6 2.g3 d5 3.Nf3 c6 4.Bg2 Bf5 5.O-O Nbd7 6.Nbd2 h6 7.b3 e6 8.Bb2 Bd6
9.c4 Qc7 10.Rc1 O-O 11.Ne1 Ne4 12.Nxe4 Bxe4 13.Bxe4 dxe4 14.Qc2 f5 15.c5 
Be7 16.Qc4 Rf6 17.f3 f4 18.gxf4 Qxf4 19.Ng2 Qf5 20.f4 Raf8 21.Kh1 Rg6 22.
Rc3 Qh5 23.Re3 Bh4 24.Rh3 Qg4 25.Nxh4 Qxh3 26.Rg1 Rxg1+ 27.Kxg1 Qxh4 28.
Qxe6+ Rf7 29.Qxe4 Qxf4 0-1

[Event "31st WCh U20 Girls"]
[Site "Kocaeli TUR"]
[Date "2013.09.16"]
[Round "4.31"]
[White "Firat, Deniz"]
[Black "Leonardi, Caterina"]
[Result "1-0"]
[WhiteElo "1664"]
[BlackElo "1944"]
[EventDate "2013.09.13"]
[PlyCount "85"]

1.d4 d5 2.c4 c6 3.Nf3 g6 4.Nc3 Bg7 5.e3 Nf6 6.Bd3 O-O 7.O-O Na6 8.a3 b6 9.
b3 c5 10.cxd5 cxd4 11.exd4 Nxd5 12.Nxd5 Qxd5 13.Qe2 Nc7 14.Be4 Qd7 15.Bxa8
Ba6 16.Qc2 Bxf1 17.Bc6 Bd3 18.Qxd3 Qxc6 19.Bb2 Nd5 20.Rc1 Qd6 21.Qa6 Nf4 
22.Qc4 Qd7 23.g3 Qh3 24.Ne1 Qg4 25.f3 Qg5 26.Rd1 Ne6 27.Kf2 Qh6 28.h4 Rd8 
29.Nc2 g5 30.Bc1 Qh5 31.Kg2 gxh4 32.Rh1 Ng5 33.g4 Qh6 34.Qc7 Re8 35.Ne3 e6
36.Qc6 Rf8 37.f4 h3+ 38.Kg3 e5 39.Qxh6 exf4+ 40.Kh4 Bxh6 41.Nf5 Ne6 42.Ng7
Kxg7 43.d5 1-0

[Event "31st WCh U20 Girls"]
[Site "Kocaeli TUR"]
[Date "2013.09.16"]
[Round "4.32"]
[White "Gueci, Laura"]
[Black "Gulay, Ayca Nuriye"]
[Result "1-0"]
[WhiteElo "1904"]
[BlackElo "1634"]
[EventDate "2013.09.13"]
[PlyCount "63"]

1.c4 g6 2.g3 Bg7 3.Bg2 d6 4.Nc3 e5 5.d3 Ne7 6.e4 O-O 7.Nge2 Bd7 8.O-O Qc8 
9.Be3 Bh3 10.Qd2 Bxg2 11.Kxg2 f6 12.Rac1 c6 13.d4 Rd8 14.Rfd1 Nd7 15.b3 
Nb6 16.Qb2 h5 17.h4 Kh7 18.c5 dxc5 19.dxe5 fxe5 20.Bxc5 Bf6 21.Ng1 Qe6 22.
Nf3 Rxd1 23.Rxd1 Nbc8 24.Qd2 b6 25.Be3 Qg8 26.Bg5 Qe6 27.Bxf6 Qxf6 28.Qg5 
Qxg5 29.hxg5 Kg7 30.Nxe5 Rb8 31.Rd7 b5 32.Nxc6 1-0

[Event "31st WCh U20 Girls"]
[Site "Kocaeli TUR"]
[Date "2013.09.16"]
[Round "4.34"]
[White "Barbosa, Larissa Ichimura"]
[Black "Tuzi, Bruna"]
[Result "1-0"]
[WhiteElo "1868"]
[BlackElo "1687"]
[EventDate "2013.09.13"]
[PlyCount "68"]

1.e4 c5 2.c3 d5 3.exd5 Qxd5 4.d4 e6 5.Nf3 Nf6 6.Be2 Nc6 7.O-O Be7 8.Be3 
cxd4 9.cxd4 O-O 10.Nc3 Qd6 11.Rc1 a6 12.Qd2 Rd8 13.Rfd1 Nb4 14.Bf4 Qd7 15.
Ne5 Qe8 16.Bf3 Nbd5 17.Bg3 Bd6 18.Bh4 Nxc3 19.Qxc3 Be7 20.Qa5 Nd5 21.Bxe7 
Qxe7 22.Bxd5 Rxd5 23.Qc7 Qxc7 24.Rxc7 f6 25.Nc4 Rd7 26.Rc5 Rd8 27.Nb6 Rb8 
28.Rc7 e5 29.d5 Bf5 30.d6 h6 31.d7 Kf8 32.Kf1 Ke7 33.Ke2 h5 34.Rc2 Ke6 1-0

[Event "31st WCh U20 Girls"]
[Site "Kocaeli TUR"]
[Date "2013.09.16"]
[Round "4.35"]
[White "Sen, Beril Berfin"]
[Black "Fuentes Godoy, Lilia Ivonne"]
[Result "1-0"]
[WhiteElo "1609"]
[BlackElo "1829"]
[EventDate "2013.09.13"]
[PlyCount "47"]

1.d4 c5 2.d5 f5 3.Nc3 Nf6 4.f3 g6 5.e4 d6 6.Bb5+ Kf7 7.Nge2 Bg7 8.O-O Rf8 
9.Ng3 fxe4 10.fxe4 a6 11.Be2 b5 12.Bg4 b4 13.Bxc8 Qxc8 14.Nce2 Kg8 15.Nf4 
Nbd7 16.Ne6 Re8 17.Bf4 Qb7 18.Qd2 Nf8 19.Nxg7 Kxg7 20.Bh6+ Kh8 21.Qg5 Ng8 
22.Rf7 Nf6 23.Qxf6+ exf6 24.Rxb7 1-0

[Event "31st WCh U20 Girls"]
[Site "Kocaeli TUR"]
[Date "2013.09.16"]
[Round "4.36"]
[White "Aslan, Cagla Yaren"]
[Black "Micoogullari, Lara"]
[Result "1/2-1/2"]
[WhiteElo "1697"]
[BlackElo "1585"]
[EventDate "2013.09.13"]
[PlyCount "62"]

1.e4 c5 2.Nf3 Nc6 3.d3 d6 4.g3 g6 5.Bg2 Bg7 6.O-O Nf6 7.Nbd2 O-O 8.a4 Qc7 
9.Nc4 Bg4 10.h3 Bd7 11.Bf4 Nh5 12.Be3 a6 13.a5 Nd4 14.c3 Nxf3+ 15.Qxf3 
Rab8 16.Qe2 e5 17.Rac1 Be6 18.b4 Bxc4 19.dxc4 b6 20.Ra1 bxa5 21.Rxa5 cxb4 
22.cxb4 Rxb4 23.Rxa6 Rxc4 24.Rxd6 Rxe4 25.Rxg6 hxg6 26.Bxe4 f5 27.Rc1 Qf7 
28.Bd3 Kh8 29.Bc5 Re8 30.Qc2 Bh6 31.Qc4 Qf6 1/2-1/2

[Event "31st WCh U20 Girls"]
[Site "Kocaeli TUR"]
[Date "2013.09.16"]
[Round "4.37"]
[White "De Seroux, Camille"]
[Black "Soydan, Busra"]
[Result "1-0"]
[WhiteElo "2108"]
[BlackElo "1709"]
[EventDate "2013.09.13"]
[PlyCount "59"]

1.e4 c5 2.Nf3 a6 3.c4 d6 4.Nc3 Nc6 5.d4 cxd4 6.Nxd4 g6 7.Be3 Bg7 8.Be2 Nf6
9.f3 O-O 10.O-O Bd7 11.Qd2 Rc8 12.Rac1 Ne5 13.b3 Qa5 14.Rfd1 Nc6 15.Kh1 
Nxd4 16.Bxd4 b5 17.Nd5 Qd8 18.Nxf6+ exf6 19.Be3 bxc4 20.Bxc4 Bb5 21.Qxd6 
Bxc4 22.Rxc4 Qa5 23.Qd2 Qxd2 24.Rxd2 Rxc4 25.bxc4 Rc8 26.h3 Bf8 27.c5 Rc6 
28.Rd5 Be7 29.Kg1 a5 30.Kf1 1-0

[Event "31st WCh U20 Girls"]
[Site "Kocaeli TUR"]
[Date "2013.09.16"]
[Round "4.38"]
[White "Guney, Gamze Nur"]
[Black "Matute Loja, Belen"]
[Result "1-0"]
[WhiteElo "1731"]
[BlackElo "1955"]
[EventDate "2013.09.13"]
[PlyCount "63"]

1.d4 Nf6 2.Nf3 g6 3.c4 Bg7 4.Nc3 O-O 5.e4 d6 6.Be2 Nc6 7.O-O e5 8.d5 Ne7 
9.h3 Nh5 10.Nh2 Nf4 11.Bxf4 exf4 12.Bf3 f5 13.Qd2 g5 14.Rfe1 Ng6 15.exf5 
Bxf5 16.Ne4 Ne5 17.Rac1 Qd7 18.Qd1 Rae8 19.Bg4 Bxg4 20.hxg4 f3 21.gxf3 Rf4
22.Ng3 Qf7 23.Kg2 Nxc4 24.Rxe8+ Qxe8 25.b3 Rd4 26.Qc2 Nb6 27.Nf5 Rxd5 28.
Qxc7 Nd7 29.Qxb7 Rc5 30.Nxd6 Qf8 31.Rxc5 Nxc5 32.Qd5+ 1-0

[Event "31st WCh U20 Girls"]
[Site "Kocaeli TUR"]
[Date "2013.09.17"]
[Round "5.1"]
[White "Saduakasova, Dinara"]
[Black "Kashlinskaya, Alina"]
[Result "0-1"]
[WhiteElo "2326"]
[BlackElo "2434"]
[EventDate "2013.09.13"]
[PlyCount "54"]

1.e4 e5 2.Nf3 Nc6 3.Bb5 a6 4.Ba4 Nf6 5.O-O Be7 6.d3 b5 7.Bb3 d6 8.a4 b4 9.
a5 O-O 10.Nbd2 Be6 11.Nc4 Rb8 12.c3 Qc8 13.Be3 Qb7 14.Bc2 b3 15.Bb1 Nxe4 
16.dxe4 Bxc4 17.Bd3 Qb5 18.Bxc4 Qxc4 19.Qd5 Qxd5 20.exd5 Nd8 21.Nd2 c6 22.
Bb6 cxd5 23.Nxb3 Nc6 24.Rfd1 Nxa5 25.Nxa5 Rxb6 26.Rxd5 Rc8 27.Ra2 Rxc3 0-1

[Event "31st WCh U20 Girls"]
[Site "Kocaeli TUR"]
[Date "2013.09.17"]
[Round "5.2"]
[White "Aulia, Medina Warda"]
[Black "Goryachkina, Alexandra"]
[Result "1-0"]
[WhiteElo "2301"]
[BlackElo "2418"]
[EventDate "2013.09.13"]
[PlyCount "69"]

1.e4 c5 2.Nf3 Nc6 3.Bb5 d6 4.O-O Bd7 5.Re1 a6 6.Bxc6 Bxc6 7.d4 cxd4 8.Nxd4
e5 9.Nxc6 bxc6 10.Qf3 Be7 11.Nd2 Nf6 12.Nc4 O-O 13.Bg5 Qc7 14.Rad1 Rfd8 
15.b3 Ne8 16.Bc1 Rd7 17.a4 a5 18.Bb2 g6 19.Qe3 Bd8 20.Rd3 f6 21.Red1 Qb8 
22.f4 Re7 23.fxe5 fxe5 24.Kh1 Bc7 25.Ba3 c5 26.Rf1 Ng7 27.Qd2 Re6 28.Rdf3 
Qe8 29.Qd5 Rb8 30.Bc1 Qe7 31.Bh6 Re8 32.Ne3 Bd8 33.Nf5 gxf5 34.exf5 e4 35.
Rg3 1-0

[Event "31st WCh U20 Girls"]
[Site "Kocaeli TUR"]
[Date "2013.09.17"]
[Round "5.3"]
[White "Zhai Mo"]
[Black "Bulmaga, Irina"]
[Result "0-1"]
[WhiteElo "2309"]
[BlackElo "2387"]
[EventDate "2013.09.13"]
[PlyCount "106"]

1.e4 c5 2.Nf3 d6 3.d4 cxd4 4.Nxd4 Nf6 5.Nc3 a6 6.Be3 e5 7.Nb3 Be6 8.Qd2 
Nbd7 9.O-O-O b5 10.f4 Qc7 11.Kb1 Rc8 12.f5 Bc4 13.g4 Nxg4 14.Rg1 Nxe3 15.
Qxe3 Bxb3 16.cxb3 b4 17.Bxa6 bxc3 18.bxc3 Rb8 19.Rg2 Qc6 20.Be2 Be7 21.
Rxg7 Bf6 22.Rg2 Ke7 23.Bf3 h6 24.Rb2 Bg5 25.Qd3 Nf6 26.Rc2 Bf4 27.Kb2 h5 
28.Qe2 Rhg8 29.Qe1 Qc5 30.Qe2 Rb6 31.Bxh5 Rh8 32.Bf3 Rxh2 33.Qd3 Rxc2+ 34.
Qxc2 Rb8 35.b4 Qc4 36.Qb3 Qc6 37.Rg1 Qb6 38.Rg2 Qe3 39.Qd1 Nxe4 40.Rc2 Nd2
41.Bd5 Qd3 42.Qh1 Nc4+ 43.Bxc4 Qxc4 44.Qh4+ Kd7 45.Qf2 Rb7 46.Qf3 d5 47.a4
Rc7 48.Qh3 d4 49.f6+ Kd6 50.Qh8 d3 51.Qd8+ Ke6 52.Rg2 Qxc3+ 53.Ka2 Qc4+ 
0-1

[Event "31st WCh U20 Girls"]
[Site "Kocaeli TUR"]
[Date "2013.09.17"]
[Round "5.4"]
[White "Arabidze, Meri"]
[Black "Monnisha, Gajendra Babu Kannaiyan"]
[Result "1-0"]
[WhiteElo "2379"]
[BlackElo "2094"]
[EventDate "2013.09.13"]
[PlyCount "81"]

1.d4 Nf6 2.c4 e6 3.g3 d5 4.Bg2 Bb4+ 5.Bd2 Be7 6.Nf3 O-O 7.O-O c6 8.Qc2 
Nbd7 9.Bf4 b6 10.Rd1 Bb7 11.Ne5 Rc8 12.Nc3 Nh5 13.Bc1 f5 14.b3 Nhf6 15.Nd3
Qe8 16.a4 c5 17.e3 Ne4 18.Nf4 cxd4 19.exd4 Rf6 20.Nxe4 fxe4 21.h4 Bd6 22.
Qe2 Nf8 23.h5 Qf7 24.a5 dxc4 25.bxc4 e5 26.Nd5 Bxd5 27.cxd5 exd4 28.Bxe4 
Be5 29.Ra2 Rc3 30.axb6 axb6 31.Bxh7+ Kxh7 32.Qxe5 Rf5 33.Qxd4 Rc5 34.Rad2 
Qxh5 35.Qe4 Kg8 36.Bb2 Nd7 37.d6 b5 38.Qe7 Qf7 39.Re1 b4 40.Qd8+ Nf8 41.
Re7 1-0

[Event "31st WCh U20 Girls"]
[Site "Kocaeli TUR"]
[Date "2013.09.17"]
[Round "5.5"]
[White "Cori Tello, Deysi"]
[Black "Petrova, Irina"]
[Result "1-0"]
[WhiteElo "2433"]
[BlackElo "2117"]
[EventDate "2013.09.13"]
[PlyCount "95"]

1.d4 Nf6 2.c4 g6 3.Nc3 Bg7 4.e4 d6 5.f3 O-O 6.Be3 e5 7.Nge2 Nc6 8.Qd2 exd4
9.Nxd4 Nd7 10.O-O-O Nde5 11.h4 h5 12.Be2 a6 13.g4 hxg4 14.f4 Nf3 15.Bxf3 
gxf3 16.Nxc6 bxc6 17.h5 Be6 18.f5 Bxc4 19.Bd4 Be2 20.Rdg1 Bxd4 21.Qxd4 g5 
22.f6 c5 23.Rxg5+ Kh7 24.Qd2 Qxf6 25.Nd5 Qh6 26.Rhg1 Rg8 27.Rxg8 Rxg8 28.
Qxh6+ Kxh6 29.Rxg8 f2 30.Ne3 f1=Q+ 31.Nxf1 Bxf1 32.Rh8+ Kg5 33.h6 Bd3 34.
h7 Kg6 35.Kd2 Bb1 36.a4 Kg7 37.Rf8 Kxh7 38.Rxf7+ Kg6 39.Rxc7 Bxe4 40.Rd7 
d5 41.Rc7 c4 42.Kc3 Kf6 43.Kd4 Ke6 44.Rc6+ Kd7 45.Rxa6 Kc7 46.Ra5 Kc6 47.
Rc5+ Kb6 48.Rxd5 1-0

[Event "31st WCh U20 Girls"]
[Site "Kocaeli TUR"]
[Date "2013.09.17"]
[Round "5.6"]
[White "Wang Jue"]
[Black "Rodriguez Rueda, Paula Andrea"]
[Result "1-0"]
[WhiteElo "2392"]
[BlackElo "2225"]
[EventDate "2013.09.13"]
[PlyCount "71"]

1.e4 c5 2.Nf3 d6 3.d4 cxd4 4.Nxd4 Nf6 5.Nc3 a6 6.Bg5 e6 7.f4 Qb6 8.Qd2 
Qxb2 9.Rb1 Qa3 10.e5 dxe5 11.fxe5 Nfd7 12.Ne4 h6 13.Bh4 Qxa2 14.Rd1 Qd5 
15.Qe3 Qxe5 16.Be2 Bc5 17.Bg3 Bxd4 18.Rxd4 Qa5+ 19.Rd2 O-O 20.Bd6 Re8 21.
Qg3 Nc6 22.O-O Ne7 23.Bc7 b6 24.Rxd7 Bxd7 25.Nf6+ Kh8 26.Nxd7 Nf5 27.Qf4 
Qc3 28.Bd3 Ra7 29.Be5 Qc6 30.Nf6 Ree7 31.Bxf5 exf5 32.Qxf5 g6 33.Qf4 Kg7 
34.Nd5+ Kh7 35.Nxe7 Rxe7 36.Bd4 1-0

[Event "31st WCh U20 Girls"]
[Site "Kocaeli TUR"]
[Date "2013.09.17"]
[Round "5.7"]
[White "Padmini, Rout"]
[Black "Khademalsharieh, Sarasadat"]
[Result "1/2-1/2"]
[WhiteElo "2312"]
[BlackElo "2303"]
[EventDate "2013.09.13"]
[PlyCount "110"]

1.e4 e5 2.Nf3 Nc6 3.Bb5 a6 4.Bxc6 dxc6 5.O-O Qd6 6.d4 exd4 7.Qxd4 Qxd4 8.
Nxd4 Bd7 9.Be3 O-O-O 10.Nc3 Bb4 11.Nce2 Re8 12.a3 Bc5 13.f3 Ne7 14.Nf5 
Bxe3+ 15.Nxe3 Nd5 16.Kf2 Nxe3 17.Kxe3 c5 18.g4 f6 19.Ng3 Re7 20.Rad1 c6 
21.Rd6 Kc7 22.Rfd1 Be6 23.R1d2 Bd5 24.R6xd5 cxd5 25.Rxd5 Re5 26.c4 b5 27.
f4 Rxd5 28.cxd5 Re8 29.Nh5 Re7 30.h4 Kd6 31.Ng3 g6 32.Kd3 a5 33.g5 f5 34.
exf5 Kxd5 35.fxg6 hxg6 36.f5 gxf5 37.Nxf5 Rd7 38.Ne3+ Ke5+ 39.Kc2 Kf4 40.
Nd1 c4 41.g6 Kf5 42.h5 Kg5 43.Nc3 b4 44.axb4 axb4 45.Ne4+ Kh6 46.Nf6 Rd8 
47.Ng4+ Kxh5 48.Ne5 Rc8 49.g7 Kh6 50.Nc6 Kxg7 51.Nxb4 Kf6 52.Kc3 Ke5 53.
Nc2 Rb8 54.Nb4 Rc8 55.Nc2 Rb8 1/2-1/2

[Event "31st WCh U20 Girls"]
[Site "Kocaeli TUR"]
[Date "2013.09.17"]
[Round "5.8"]
[White "Sihite, Chelsie Monica"]
[Black "Pujari, Rucha"]
[Result "0-1"]
[WhiteElo "2282"]
[BlackElo "2154"]
[EventDate "2013.09.13"]
[PlyCount "78"]

1.e4 e5 2.Bc4 Nc6 3.Nf3 Nf6 4.d3 Be7 5.c3 O-O 6.Bb3 d5 7.Qe2 Be6 8.O-O 
dxe4 9.dxe4 Bxb3 10.axb3 Qc8 11.b4 a6 12.h3 Qe6 13.Ng5 Qc8 14.Na3 h6 15.
Nf3 Qe6 16.Re1 Rfd8 17.Nh2 Rd7 18.Nf1 Bf8 19.Ng3 g6 20.Nc2 Rad8 21.Ne3 h5 
22.h4 Bh6 23.Nef1 Bf4 24.Be3 Ng4 25.Rad1 Qf6 26.Rxd7 Rxd7 27.Qf3 Qxh4 28.
Bxf4 exf4 29.Qxf4 Nce5 30.f3 Nd3 31.Qd2 Nge5 32.Ra1 Nf4 33.Qc2 Qg5 34.Kh2 
h4 35.Nh1 Rd3 36.Ra5 b5 37.Rxa6 h3 38.Ra8+ Kg7 39.g4 Nxf3+ 0-1

[Event "31st WCh U20 Girls"]
[Site "Kocaeli TUR"]
[Date "2013.09.17"]
[Round "5.9"]
[White "Abdumalik, Zhansaya"]
[Black "Xiao Yiyi"]
[Result "1-0"]
[WhiteElo "2277"]
[BlackElo "2163"]
[EventDate "2013.09.13"]
[PlyCount "103"]

1.e4 c5 2.Nf3 e6 3.d4 cxd4 4.Nxd4 Nc6 5.Nc3 a6 6.Be3 Qc7 7.Bd3 Nf6 8.Nb3 
b5 9.O-O d6 10.f4 Be7 11.Qf3 O-O 12.Kh1 Bb7 13.Qh3 Rfe8 14.Rf3 g6 15.a3 
Rad8 16.Raf1 Bc8 17.Qg3 Bf8 18.f5 exf5 19.exf5 Nh5 20.Qf2 Ne5 21.Bb6 Qd7 
22.Rh3 Bg7 23.Bxd8 Qxd8 24.Be2 Nf6 25.Nd4 d5 26.Rd1 Qe7 27.Qf4 b4 28.axb4 
Qxb4 29.Re3 Qb8 30.b3 Bd7 31.Bf3 Qd6 32.Rde1 Re7 33.g4 h6 34.fxg6 fxg6 35.
Rxe5 Ne4 36.R5xe4 Qxf4 37.Rxf4 Rxe1+ 38.Kg2 Be5 39.Bxd5+ Kh8 40.Rf8+ Kg7 
41.Rf7+ Kh8 42.Rxd7 Bxd4 43.Rd8+ Kg7 44.Rd7+ Kf6 45.Ne4+ Ke5 46.Ng3 Kf4 
47.Rf7+ Kg5 48.Bf3 Kh4 49.Ne2 Be3 50.Re7 Bd2 51.Re5 a5 52.Nf4 1-0

[Event "31st WCh U20 Girls"]
[Site "Kocaeli TUR"]
[Date "2013.09.17"]
[Round "5.10"]
[White "Nguyen Thi Mai Hung"]
[Black "Kurbonboeva, Sarvinoz"]
[Result "1/2-1/2"]
[WhiteElo "2222"]
[BlackElo "2120"]
[EventDate "2013.09.13"]
[PlyCount "76"]

1.d4 Nf6 2.Nf3 g6 3.Bg5 Bg7 4.Nbd2 d6 5.e4 c5 6.dxc5 dxc5 7.c3 O-O 8.Bc4 
Nc6 9.Qe2 Ng4 10.O-O Qc7 11.Rad1 b6 12.h3 Nge5 13.Nxe5 Nxe5 14.Bd5 Bb7 15.
f4 Nc6 16.a4 Rad8 17.Ba2 Qc8 18.Bc4 Kh8 19.Bh4 f6 20.Nf3 Na5 21.Bd3 Rxd3 
22.Rxd3 Ba6 23.Rfd1 Nc6 24.Qc2 Bxd3 25.Rxd3 Rd8 26.Rd5 Bh6 27.f5 gxf5 28.
Rxd8+ Qxd8 29.exf5 Qd5 30.c4 Nd4 31.Nxd4 Qxd4+ 32.Bf2 Be3 33.Bxe3 Qxe3+ 
34.Kh2 Qe5+ 35.Kh1 Qe1+ 36.Kh2 Qe5+ 37.g3 Kg7 38.b3 Qe3 1/2-1/2

[Event "31st WCh U20 Girls"]
[Site "Kocaeli TUR"]
[Date "2013.09.17"]
[Round "5.12"]
[White "Stetsko, Lanita"]
[Black "Kuchava, Ana"]
[Result "1-0"]
[WhiteElo "2213"]
[BlackElo "2092"]
[EventDate "2013.09.13"]
[PlyCount "141"]

1.e4 c5 2.Nf3 e6 3.d4 cxd4 4.Nxd4 a6 5.Nc3 Qc7 6.Bd3 Nc6 7.Nb3 Nf6 8.O-O 
Be7 9.f4 d6 10.Qf3 O-O 11.Bd2 Nb4 12.Rac1 Nxd3 13.cxd3 Qd8 14.Kh1 d5 15.e5
Nd7 16.Ne2 Re8 17.Ned4 Bf8 18.Ba5 Qh4 19.Bc7 g6 20.Qe3 f5 21.Rf3 Qh6 22.
Rg1 Qg7 23.Qc1 Kh8 24.g4 Nc5 25.Bb6 Na4 26.Ba5 b6 27.Be1 Bd7 28.gxf5 exf5 
29.Bh4 Qf7 30.Qd2 Rac8 31.Rh3 Bg7 32.Bg5 Kg8 33.Bh6 Bxh6 34.Rxh6 Nc5 35.
Rh3 Ba4 36.Qb4 Bxb3 37.axb3 Ne6 38.Nxe6 Rxe6 39.d4 Rec6 40.Rc3 Rxc3 41.
bxc3 Qe6 42.Rg3 Kf7 43.Kg2 b5 44.Kf2 Qb6 45.Re3 Ke6 46.Kf3 a5 47.Qa3 Qd8 
48.Ke2 Rc6 49.Rh3 h5 50.Rg3 Kf7 51.Re3 Qc7 52.Qc1 a4 53.bxa4 bxa4 54.Qa3 
Qa5 55.Kd2 Qb5 56.Re1 Rb6 57.Qc5 Qxc5 58.dxc5 Rc6 59.Ra1 Rxc5 60.Rxa4 Rb5 
61.Ra7+ Kf8 62.Kd3 Rb2 63.Kd4 Rxh2 64.Kxd5 h4 65.Ke6 h3 66.Kf6 Ke8 67.e6 
Rd2 68.Rh7 Kd8 69.Rxh3 Kc7 70.e7 Re2 71.Kf7 1-0

[Event "31st WCh U20 Girls"]
[Site "Kocaeli TUR"]
[Date "2013.09.17"]
[Round "5.13"]
[White "Saranya, J."]
[Black "Ibrahimova, Sabina"]
[Result "0-1"]
[WhiteElo "2094"]
[BlackElo "2202"]
[EventDate "2013.09.13"]
[PlyCount "56"]

1.e4 c5 2.Nf3 Nc6 3.Bb5 g6 4.c3 Bg7 5.O-O Nf6 6.Qe2 O-O 7.h3 Qb6 8.Rd1 
Nxe4 9.Bxc6 Qxc6 10.Re1 Nf6 11.d4 d6 12.Na3 Bd7 13.Bf4 Rfe8 14.Rac1 Nh5 
15.Bh2 Bh6 16.Rcd1 Nf6 17.dxc5 Qxc5 18.Nd4 Bg7 19.c4 Ba4 20.Rd3 Rac8 21.b4
Qxb4 22.Rb1 Qc5 23.Rxb7 d5 24.Ndb5 dxc4 25.Rc3 Red8 26.Bg3 Nh5 27.Re3 Nxg3
28.Rxg3 Rd1+ 0-1

[Event "31st WCh U20 Girls"]
[Site "Kocaeli TUR"]
[Date "2013.09.17"]
[Round "5.14"]
[White "Rakhmangulova, Anastasiya"]
[Black "Karabaeva, Zhanna"]
[Result "1-0"]
[WhiteElo "2194"]
[BlackElo "2029"]
[EventDate "2013.09.13"]
[PlyCount "85"]

1.e4 c5 2.Nf3 Nc6 3.Bc4 e6 4.Qe2 Nge7 5.d3 g6 6.c3 d5 7.Bb3 Bg7 8.O-O O-O 
9.Bg5 d4 10.cxd4 cxd4 11.Qd2 b5 12.Rc1 Bb7 13.Qf4 Qd7 14.Qh4 f6 15.Bh6 
Rae8 16.Nbd2 Nc8 17.Rc5 Bxh6 18.Qxh6 Nd6 19.Rac1 Nf7 20.Qh4 Kg7 21.Rxb5 
Nce5 22.Rb4 Nxf3+ 23.Nxf3 e5 24.Nd2 Rc8 25.Rf1 Ba6 26.Bc4 Bxc4 27.Nxc4 Nd8
28.f4 Nc6 29.Rb5 Ne7 30.Ra5 exf4 31.Qxf4 Nc6 32.Rd5 Qe7 33.a3 Rcd8 34.Rb5 
a6 35.Rd5 Rb8 36.Rc1 Rb5 37.Rxb5 axb5 38.Nb6 Ne5 39.Nd5 Nxd3 40.Rc7 Nxf4 
41.Rxe7+ Kh6 42.Nxf4 Rc8 43.Nd3 1-0

[Event "31st WCh U20 Girls"]
[Site "Kocaeli TUR"]
[Date "2013.09.17"]
[Round "5.15"]
[White "Bezgodova, Maria"]
[Black "Qiu Mengjie"]
[Result "0-1"]
[WhiteElo "2172"]
[BlackElo "2091"]
[EventDate "2013.09.13"]
[PlyCount "129"]

1.e4 e5 2.Nf3 Nc6 3.Nc3 Nf6 4.Bb5 Bc5 5.O-O O-O 6.d3 d6 7.Na4 Bb6 8.Nxb6 
axb6 9.c3 Ne7 10.Ba4 Ng6 11.Bc2 h6 12.h3 Re8 13.Re1 Nh7 14.d4 Qf6 15.Be3 
Ng5 16.Nxg5 hxg5 17.Qh5 Nf4 18.Bxf4 gxf4 19.Bb3 Ra5 20.d5 g5 21.Qe2 f3 22.
Qxf3 Qxf3 23.gxf3 Bxh3 24.Kh2 Bd7 25.Kg2 Kg7 26.Rh1 Raa8 27.Bc2 Rh8 28.a3 
Kg6 29.c4 Rh4 30.Rh2 Rxh2+ 31.Kxh2 Rh8+ 32.Kg2 g4 33.Rg1 Kg5 34.fxg4 Bxg4 
35.Re1 Kf4 36.Re3 Rg8 37.Kf1 Bf3 38.Bd3 Rh8 39.Ke1 Rh2 40.b4 Rh1+ 41.Kd2 
Ra1 42.Kc3 Rxa3+ 43.Kd2 Ra1 44.Kc3 Rh1 45.Kd2 Rg1 46.Be2 Bxe4 47.Ra3 b5 
48.f3 Rg3 49.cxb5 Bxd5 50.Rc3 c6 51.b6 e4 52.fxe4 Rxc3 53.exd5 Re3 54.Ba6 
cxd5 55.Bxb7 Rb3 56.Bxd5 Rxb4 57.b7 f5 58.Kc3 Rb6 59.Kd4 Kg3 60.Bc6 f4 61.
Kd5 f3 62.Kxd6 f2 63.Kc5 Rb2 64.Bb5 Rxb5+ 65.Kd4 0-1

[Event "31st WCh U20 Girls"]
[Site "Kocaeli TUR"]
[Date "2013.09.17"]
[Round "5.16"]
[White "Miladinovic, Lena"]
[Black "Iwanow, Anna"]
[Result "0-1"]
[WhiteElo "2080"]
[BlackElo "2210"]
[EventDate "2013.09.13"]
[PlyCount "76"]

1.d4 Nf6 2.Nf3 g6 3.c4 Bg7 4.Nc3 d5 5.e3 O-O 6.Be2 c5 7.dxc5 dxc4 8.O-O 
Qa5 9.Qd4 Nfd7 10.Qxc4 Qxc5 11.e4 Nc6 12.Be3 Qxc4 13.Bxc4 Nb6 14.Be2 Be6 
15.Rfd1 Nc4 16.Bxc4 Bxc4 17.Rd7 b5 18.Rc1 Rfd8 19.Rc7 Nb4 20.h3 a6 21.b3 
Be6 22.Ng5 Nd3 23.Rc2 Be5 24.Nxe6 fxe6 25.Ne2 Nb4 26.Rc1 Nxa2 27.f4 Nxc1 
28.Rxc1 Bb8 29.Kf2 Ba7 30.Rc7 Bxe3+ 31.Kxe3 a5 32.Nd4 a4 33.Nxe6 Rdc8 34.
Rxe7 a3 35.f5 a2 36.f6 a1=Q 37.Rg7+ Kh8 38.Ng5 Qc1+ 0-1

[Event "31st WCh U20 Girls"]
[Site "Kocaeli TUR"]
[Date "2013.09.17"]
[Round "5.17"]
[White "Hejazipour, Mitra"]
[Black "Edes, Zsofia"]
[Result "1-0"]
[WhiteElo "2256"]
[BlackElo "2044"]
[EventDate "2013.09.13"]
[PlyCount "67"]

1.d4 Nf6 2.Nf3 g6 3.c4 Bg7 4.g3 O-O 5.Bg2 d6 6.O-O Nc6 7.Nc3 a6 8.Bf4 Rb8 
9.Rc1 Bd7 10.h3 b5 11.cxb5 axb5 12.d5 Na5 13.b4 Nc4 14.Nd2 e5 15.Bg5 Nxd2 
16.Qxd2 Qc8 17.Kh2 Bh8 18.Rc2 Qb7 19.Rfc1 Rbc8 20.Qd3 Nh5 21.Bh6 Rfe8 22.
e4 Bf6 23.Bf3 Ng7 24.Bg4 Bxg4 25.hxg4 Rb8 26.Nb1 Bd8 27.Nd2 Qb6 28.Nb3 f6 
29.Na5 g5 30.Nc6 Rb7 31.Qf3 f5 32.gxf5 Bf6 33.Qg4 Kf7 34.Bxg5 1-0

[Event "31st WCh U20 Girls"]
[Site "Kocaeli TUR"]
[Date "2013.09.17"]
[Round "5.18"]
[White "Vo Thi Kim Phung"]
[Black "Fronda, Jan Jodilyn"]
[Result "1-0"]
[WhiteElo "2219"]
[BlackElo "2038"]
[EventDate "2013.09.13"]
[PlyCount "143"]

1.d4 g6 2.Nf3 Bg7 3.e4 d6 4.h3 Nf6 5.Nbd2 e5 6.dxe5 dxe5 7.Bc4 Nbd7 8.O-O 
O-O 9.b4 Qe7 10.a4 Nb6 11.Bd3 Nxe4 12.Nxe4 f5 13.Bg5 Qxb4 14.c3 Qa5 15.Be7
Re8 16.Nf6+ Bxf6 17.Bxf6 e4 18.Bb5 c6 19.Nd2 Nd5 20.Bc4 Be6 21.Nb3 Qc7 22.
Nc5 Bf7 23.Bxd5 Bxd5 24.Qd4 Qf7 25.Rfd1 b6 26.Na6 Bb3 27.c4 Bxd1 28.Rxd1 
c5 29.Qd5 Rac8 30.Bg5 Qe6 31.Qxe6+ Rxe6 32.Rd7 Rec6 33.Kh2 h5 34.Kg3 Re8 
35.Nc7 Rf8 36.Nd5 Rf7 37.Rd8+ Kg7 38.Bd2 Rb7 39.Bc3+ Kf7 40.Kf4 Ke6 41.Rg8
Rf7 42.Rxg6+ Kd7 43.Nf6+ Kc8 44.Kxf5 Rd6 45.Kxe4 Re7+ 46.Kf5 Re2 47.f4 Rc2
48.Rg8+ Rd8 49.Rg3 h4 50.Rf3 Rxg2 51.Ne4 Rf8+ 52.Bf6 Re2 53.Ng5 Rc2 54.Ne6
Rg8 55.Bxh4 Rxc4 56.Bf6 Rxa4 57.h4 c4 58.h5 Kd7 59.h6 Ra5+ 60.Be5 Rh8 61.
h7 Rxh7 62.Nf8+ Kc6 63.Nxh7 b5 64.Rc3 Kc5 65.Nf6 b4 66.Ne4+ Kd5 67.Rc1 Ra3
68.Rd1+ Kc6 69.Rd4 Rd3 70.Rxc4+ Kb5 71.Rc5+ Ka4 72.Rc7 1-0

[Event "31st WCh U20 Girls"]
[Site "Kocaeli TUR"]
[Date "2013.09.17"]
[Round "5.19"]
[White "Enkhtuul, Altanulzii"]
[Black "Gueci, Laura"]
[Result "1-0"]
[WhiteElo "2202"]
[BlackElo "1904"]
[EventDate "2013.09.13"]
[PlyCount "53"]

1.Nf3 c5 2.g3 Nc6 3.Bg2 g6 4.O-O Bg7 5.c3 Nf6 6.d4 cxd4 7.Nxd4 O-O 8.e4 
Qa5 9.Nd2 a6 10.Nc4 Qd8 11.e5 Ne8 12.Nxc6 bxc6 13.Bxc6 Rb8 14.Bg2 Qc7 15.
b3 Bb7 16.Bxb7 Qxb7 17.Ba3 d5 18.exd6 Nxd6 19.Nxd6 exd6 20.Rc1 Rfe8 21.Qd3
Rbd8 22.c4 Qb6 23.Rfd1 Bh6 24.Rc2 Re6 25.Re2 Rde8 26.Rxe6 Rxe6 27.Bxd6 1-0